| 000 | 00775nam a22002417a 4500 | ||
|---|---|---|---|
| 001 | 44238 | ||
| 003 | UA-OsUOA | ||
| 005 | 20201221223024.0 | ||
| 007 | ta | ||
| 008 | 20070216b un ||||| |||| 00| 0 ukr d | ||
| 040 |
_aUA-OsUOA _bukr _cUA-OsUOA _dUA-OsUOA |
||
| 041 | _aukr | ||
| 080 | _a336.74(048.3) | ||
| 090 |
_a336.74(048.3) _bК33 |
||
| 100 | _aКейнс Дж. М. | ||
| 245 |
_aТрактат про грошову реформу. Загальна теорія зайнятості, процента та грошей _bреферат-дайджест |
||
| 260 |
_aК. _bАУБ _c1999 |
||
| 300 | _a189 с. | ||
| 650 | 7 |
_a336 Фінанси _2UDC |
|
| 942 |
_cBK _2udc |
||
| 955 | _a2 | ||
| 999 |
_c330361 _d330361 |
||